Metro rail stations in Stockholm - Statistics

General Stats
  • This quiz has been taken 120 times
  • The average score is 55 of 101
Answers on the Map
Answers color-coded by a green-red scale on the quiz's map according to % correct below.
 
Answer Stats
T14 % Correct
T-centralen
91%
Fridhemsplan
84%
Gamla stan
84%
Slussen
83%
Kungsträdgården
79%
Odenplan
79%
Hötorget
78%
Akalla
74%
Farsta
74%
Farsta strand
72%
Ropsten
72%
Mörby centrum
71%
Hässelby strand
69%
Medborgarplatsen
69%
Östermalmstorg
69%
Rådhuset
69%
Rådmansgatan
69%
Liljeholmen
67%
Alvik
66%
Fruängen
66%
Mariatorget
66%
Solna centrum
66%
Stadion
66%
Universitetet
66%
Gärdet
64%
Rinkeby
64%
Tekniska högskolan
64%
Vällingby
64%
Brommaplan
62%
Gullmarsplan
62%
Hagsätra
62%
Hjulsta
62%
Karlaplan
62%
Norsborg
62%
Skärholmen
62%
Skarpnäck
62%
Zinkensdamm
62%
Hornstull
60%
Danderyds sjukhus
59%
Hässelby gård
59%
Kista
59%
Skanstull
59%
Telefonplan
59%
Västra skogen
59%
Midsommar kransen
57%
Thorildsplan
57%
Alby
55%
Kristineberg
55%
Tensta
55%
Fittja
53%
Mälarhöjden
53%
Bagarmossen
52%
Globen
52%
Hammarbyhöjden
52%
Skärmarbrink
52%
Åkeshov
50%
Bergshamra
50%
Skogskyrkogården
50%
Solna Strand
50%
Sundbybergs centrum
50%
Hökarängen
48%
Masmo
48%
Rissne
48%
Abrahamsberg
47%
Blackeberg
47%
Blåsut
47%
Enskede gård
47%
Gubbängen
47%
Hallonbergen
47%
Rågsved
47%
Sankt Eriksplan
47%
Aspudden
45%
Högdalen
45%
Husby
45%
Storamossen
45%
Vårby gård
45%
Islandstorget
43%
Råcksta
43%
Sandsborg
43%
Sätra
43%
Sockenplan
43%
Svedmyra
43%
Kärrtorp
41%
Näckrosen
41%
Stadshagen
41%
Stureby
41%
Axelsberg
40%
Bredäng
40%
Hägerstensåsen
40%
Huvudsta
40%
Johannelund
40%
Tallkrogen
40%
Duvbo
38%
Örnsberg
38%
Hallunda
36%
Vårberg
36%
Västertorp
36%
Ängbyplan
34%
Bandhagen
33%
Björkhagen
29%
Kymlinge
26%
No matching quizzes found
Score Distribution
Percent of People with Each Score
Percentile by Number Answered
Your Score History
You have not taken this quiz